000 01304nam a2200313 a 4500
003 MX-MxUPN
005 20240806130814.0
008 151104s2015 mx gr 000 0 spa d
020 _a9786078348626
035 _aUPN01000206554
040 _aMX-MxUPN
_bspa
_cMX-MxUPN
041 _aspa
050 4 _aPQ7207 H5
_bA6.7
245 0 0 _aAproximaciones a la narrativa de la Revolución Mexicana :
_bdidáctica de la literatura hispanoamericana del siglo XX
250 _aPrimera edición
260 _aMéxico, D.F. :
_bBonilla Artigas Editores ;
_aMadrid :
_bIberoamericana ;
_aFrankfurt :
_bVervuert ;
_aSan Luis Potosí :
_bBenemérita y Centenaria Escuela Normal del Estado de San Luis Potosí,
_c2015.
300 _a317 páginas
490 _aPúblicatextos ;
_v3
504 _aIncluye bibliografía.
650 4 _aNovela histórica mexicana
_xHistoria y crítica
_924462
650 2 _aNovela mexicana
_ySiglo XX
_xHistoria y crítica
_99690
700 1 _aGarrido, Felipe,
_d1942-
_eprólogo
_931030
700 1 _aHernández Ortiz, Francisco
_ecoordinación
_933513
700 1 _aGallegos Infante, Laura Érika,
_d1972-
_ecoordinación
_952871
700 1 _aDuque Hernández, Miguel Ángel,
_d1970-
_ecoordinación
_952874
902 _bMaríaRobles/060824
905 _aLibro
942 _2lcc
_cLIBRO
_n0
999 _c178655
_d178655